Immune system nutrition : (Record no. 2594)

000 -LEADER
fixed length control field nam a22 a 4500
003 - CONTROL NUMBER IDENTIFIER
control field AKMAL
005 - DATE AND TIME OF LATEST TRANSACTION
control field 20170517114934.0
008 - FIXED-LENGTH DATA ELEMENTS--GENERAL INFORMATION
fixed length control field 170517s1989 my 00 may d
020 ## - INTERNATIONAL STANDARD BOOK NUMBER
International Standard Book Number 9832106001 (pbk.):
Terms of availability RM5.90
040 ## - CATALOGING SOURCE
Original cataloging agency AKMAL
Transcribing agency AKMAL
049 00 - LOCAL HOLDINGS (OCLC)
Holding library mal
082 04 - DEWEY DECIMAL CLASSIFICATION NUMBER
Classification number 616.97 MIL
Edition number 21
090 00 - LOCALLY ASSIGNED LC-TYPE CALL NUMBER (OCLC); LOCAL CALL NUMBER (RLIN)
Classification number (OCLC) (R) ; Classification number, CALL (RLIN) (NR) 616.97
Local cutter number (OCLC) ; Book number/undivided call number, CALL (RLIN) MIL
090 20 - LOCALLY ASSIGNED LC-TYPE CALL NUMBER (OCLC); LOCAL CALL NUMBER (RLIN)
Classification number (OCLC) (R) ; Classification number, CALL (RLIN) (NR) 616.97
Local cutter number (OCLC) ; Book number/undivided call number, CALL (RLIN) MIL
100 1# - MAIN ENTRY--PERSONAL NAME
Personal name Miller, Bruce,
Titles and words associated with a name Dr
9 (RLIN) 5100
245 10 - TITLE STATEMENT
Title Immune system nutrition :
Remainder of title optimal power for health /
Statement of responsibility, etc. Bruce Miller
260 ## - PUBLICATION, DISTRIBUTION, ETC.
Place of publication, distribution, etc. Petaling Jaya :
Name of publisher, distributor, etc. Oak Enterprise,
Date of publication, distribution, etc. 1989
300 00 - PHYSICAL DESCRIPTION
Extent 32p. :
Other physical details ill. ;
Dimensions 22cm
440 #0 - SERIES STATEMENT/ADDED ENTRY--TITLE
Title Bruce Miller's better health series
9 (RLIN) 5150
504 ## - BIBLIOGRAPHY, ETC. NOTE
Bibliography, etc. note Bibliography: p. 32
650 #0 - SUBJECT ADDED ENTRY--TOPICAL TERM
Topical term or geographic name entry element Immunology
9 (RLIN) 5262
650 #0 - SUBJECT ADDED ENTRY--TOPICAL TERM
Topical term or geographic name entry element Nutrition
9 (RLIN) 5163
942 ## - ADDED ENTRY ELEMENTS (KOHA)
Source of classification or shelving scheme
Koha item type Book
Holdings
Withdrawn status Lost status Source of classification or shelving scheme Damaged status Not for loan Collection code Home library Current library Date acquired Inventory number Total Checkouts Full call number Barcode Date last seen Date last checked out Price effective from Koha item type
          NON-FICTION AKMAL Melaka AKMAL Melaka 17.05.2017 602045 1 616.97 MIL 201703435 19.04.2019 31.03.2019 17.05.2017 Book
Pusat Sumber Maklumat Dato' Haji Sarmin Md Hussin, Akademi Kastam Diraja Malaysia, Melaka
Tel: 06-2331106 | Faks: 06-2313787